Príbehy o integráloch

Na minha lista:
Detalhes bibliográficos
Formato: Livro
Idioma:eslovaco
Publicado em: Bratislava Slov. ped. nakl. 1988
Tags: Adicionar Tag
Sem tags, seja o primeiro a adicionar uma tag!

MARC

LEADER 00000nam a2200000 4500
001 c030020
005 20260327071732.6
041 0 |a slo 
044 |a SK 
245 1 0 |a Príbehy o integráloch  |c Beloslav Riečan 
264 1 |a Bratislava  |b Slov. ped. nakl.  |c 1988 
300 |a 106 s.